[Event "Montenegro Festival Mix-01 2021"]
[Site "Podgorica"]
[Date "2021.03.21"]
[Round "4.6"]
[White "Djukic, Nikola"]
[Black "Vujovic, Savo"]
[Result "1-0"]
[WhiteElo "2521"]
[BlackElo "2187"]
[Annotator "TA"]
[PlyCount "51"]
[EventDate "2021.02.26"]
[EventType "swiss"]
[EventCountry "MNE"]
[SourceTitle "playchess.com"]
[Source "ChessBase"]
[SourceQuality "1"]

{[%evp 14,51,36,44,28,-14,68,30,31,27,35,-10,91,85,78,79,85,77,389,383,381,387,540,394,391,398,422,407,414,260,624,467,480,460,444,268,253,230,716,631]} 1. e4 c5 2. Nc3 Nc6 3. g3 g6 4. Bg2 Bg7 5. d3 d6 6. Be3 Nh6 7. h3 f5 8. Qd2 Nf7 {B26: Closed Sicilian: 3 g3, lines with early Be3.} 9. h4 {[#]} Qd7 $146 (9... fxe4 $11 10. Bxe4 Bf5) ({Predecessor:} 9... Qb6 10. Rb1 Be6 11. Nge2 fxe4 12. dxe4 Nd4 13. Nd5 Bxd5 14. exd5 O-O 15. O-O Ne5 16. Nxd4 cxd4 17. Bxd4 {0-1 (50) Ferreira,L (2144)-Vasques,A (2331) Barcelos 2016}) 10. h5 b6 {White has an edge.} 11. Nf3 Bb7 12. Nh4 Nd4 {[#]} (12... O-O-O $11) 13. O-O-O $1 $16 fxe4 14. dxe4 g5 15. Bxg5 Nb5 $2 {[%mdl 8192] Black cannot hold the game after this.} (15... Rg8 $16 {is tougher.}) 16. Bh3 $18 e6 {[#]} 17. Nd5 {[%mdl 576] Pin} Nd4 (17... Nxg5 18. Qxg5) 18. Nf6+ Bxf6 19. Bxf6 Qa4 20. Kb1 ({Weaker is} 20. Bxd4 Qxa2 21. b3 cxd4 $14) 20... Bxe4 21. Bxd4 cxd4 (21... Bd5 22. b3 Qxd4) 22. Rhe1 d3 23. cxd3 Bd5 24. b3 Qd7 25. Qe3 Ke7 $2 (25... O-O 26. h6 (26. Bxe6 Bxe6 27. Qxe6 Qxe6 $18) 26... Rad8) 26. Nf5+ {Weighted Error Value: White=0.46/Black=0.91} 1-0

[Event "Montenegro Festival Mix-01 2021"]
[Site "Podgorica"]
[Date "2021.03.21"]
[Round "4.7"]
[White "Pobor, Milo"]
[Black "Kisic, Bozidar"]
[Result "0-1"]
[WhiteElo "2105"]
[BlackElo "2233"]
[Annotator "ChessBase"]
[PlyCount "86"]
[EventDate "2021.02.26"]
[EventType "swiss"]
[EventCountry "MNE"]
[SourceTitle "playchess.com"]
[Source "ChessBase"]
[SourceQuality "1"]
[TimeControl "40/5400+30:900+30"]

1. e4 {[%emt 0:04:15]} g6 {[%emt 0:03:36]} 2. d4 {[%emt 0:00:09]} c6 {[%emt 0:01:38]} 3. Nc3 {[%emt 0:03:49]} Bg7 {[%emt 0:00:14]} 4. Be3 {[%emt 0:01:18]} d5 {[%emt 0:00:16]} 5. e5 {[%emt 0:00:46]} h5 {[%emt 0:00:35]} 6. Qd2 {[%emt 0:04:45]} Nh6 {[%emt 0:02:45]} 7. Bxh6 {[%emt 0:03:31]} Bxh6 {[%emt 0:00:08]} 8. f4 {[%emt 0:01:41]} Qb6 {[%emt 0:05:57]} 9. Nf3 {[%emt 0:12:35]} Bxf4 {[%emt 0:22:57]} 10. Qxf4 {[%emt 0:07:31]} Qxb2 {[%emt 0:00:35]} 11. Kd2 {[%emt 0:10:45]} Qxa1 {[%emt 0:01:10]} 12. Nxd5 {[%emt 0:01:42]} Kd8 {[%emt 0:10:12]} 13. Nxe7 {[%emt 0:12:13]} Be6 {[%emt 0:14:45]} 14. Qf6 {[%emt 0:20:46]} Re8 {[%emt 0:01:48]} 15. Nxc6+ {[%emt 0:05:24]} Kc7 {[%emt 0:01:08]} 16. Nb4 {[%emt 0:03:51]} Nc6 {[%emt 0:05:16]} 17. Nxc6 {[%emt 0:02:47]} bxc6 {[%emt 0:00:14]} 18. d5 {[%emt 0:00:39]} cxd5 {[%emt 0:01:00]} 19. Ng5 {[%emt 0:00:31]} Qd4+ {[%emt 0:09:34]} 20. Bd3 {[%emt 0:00:01]} Qb4+ {[%emt 0:00:31]} 21. Kc1 {[%emt 0:00:55]} Qe7 {[%emt 0:01:39]} 22. Rf1 {[%emt 0:00:05]} Rab8 {[%emt 0:03:32]} 23. Nxe6+ {[%emt 0:00:37]} fxe6 {[%emt 0:01:09]} 24. Qxg6 {[%emt 0:00:44]} Qa3+ {[%emt 0:02:09]} 25. Kd2 {[%emt 0:00:27]} Qb4+ {[%emt 0:00:48]} 26. Ke2 {[%emt 0:00:39]} Qg4+ {[%emt 0:00:39]} 27. Qxg4 {[%emt 0:00:01]} hxg4 {[%emt 0:00:02]} 28. Rf7+ {[%emt 0:00:11]} Kb6 {[%emt 0:00:36]} 29. Rg7 {[%emt 0:01:03]} Rg8 {[%emt 0:00:51]} 30. Rd7 {[%emt 0:00:31]} Rbd8 {[%emt 0:00:43]} 31. Re7 {[%emt 0:00:45]} Rde8 {[%emt 0:00:29]} 32. Rd7 {[%emt 0:00:09]} Rg5 {[%emt 0:01:01]} 33. Rd6+ {[%emt 0:00:31]} Kc7 {[%emt 0:01:32]} 34. Ra6 {[%emt 0:00:14]} Rxe5+ {[%emt 0:00:35]} 35. Kf2 {[%emt 0:00:11]} Kb7 {[%emt 0:01:16]} 36. Ra4 {[%emt 0:00:17]} Rf8+ {[%emt 0:01:20]} 37. Kg3 {[%emt 0:00:17]} Re3+ {[%emt 0:01:45]} 38. Kxg4 {[%emt 0:00:09]} e5 {[%emt 0:00:18]} 39. Rb4+ {[%emt 0:01:39]} Kc7 {[%emt 0:01:20]} 40. Bg6 {[%emt 0:00:00]} Re2 {[%emt 0:00:00]} 41. g3 {[%emt 0:00:49]} Rxh2 {[%emt 0:03:02]} 42. Rb5 {[%emt 0:00:14]} Kc6 {[%emt 0:00:59]} 43. Ra5 {[%emt 0:00:06]} e4 {[%emt 0:01:31]} 0-1

[Event "Montenegro Festival Mix-01 2021"]
[Site "Podgorica"]
[Date "2021.03.21"]
[Round "4.8"]
[White "Djurovic, Peko"]
[Black "Alivodic, Dario"]
[Result "1-0"]
[WhiteElo "2062"]
[BlackElo "2189"]
[Annotator "NA"]
[PlyCount "53"]
[EventDate "2021.02.26"]
[EventType "swiss"]
[EventCountry "MNE"]
[SourceTitle "playchess.com"]
[Source "ChessBase"]
[SourceQuality "1"]
[TimeControl "40/5400+30:900+30"]

1. e4 {[%emt 0:04:24]} e6 {[%emt 0:00:05]} 2. d4 {[%emt 0:00:11]} d5 {[%emt 0:00:06]} 3. Nc3 {[%emt 0:00:06]} Bb4 {[%emt 0:00:06]} 4. e5 {[%emt 0:00:22]} c5 {[%emt 0:01:03]} 5. a3 {[%emt 0:00:57]} Bxc3+ {[%emt 0:00:04]} 6. bxc3 {[%emt 0:00:04]} Ne7 {[%emt 0:00:05]} 7. Qg4 {[%emt 0:01:49]} cxd4 {[%emt 0:00:10]} 8. Bd3 {[%emt 0:07:55]} (8. Qxg7 $11 Rg8 9. Qxh7) 8... Qc7 {[%emt 0:02:01]} ({Black should play} 8... Qa5 $15 9. Ne2 O-O) 9. Ne2 {[%emt 0:02:20]} dxc3 {[%emt 0:00:32]} 10. Qxg7 {[%emt 0:01:16]} Rg8 {[%emt 0:00:07]} 11. Qxh7 {[%emt 0:00:11]} Qxe5 $14 {[%emt 0:00:27]} 12. h4 {[%emt 0:01:38]} Rxg2 {[%emt 0:10:40]} 13. Bg5 {[%emt 0:08:05]} Nd7 {[%emt 0:30:34]} 14. Kf1 {[%emt 0:08:02]} Nf8 {[%emt 0:06:36]} 15. Qh6 {[%emt 0:07:26]} Rh2 {[%emt 0:02:33]} 16. Rxh2 {[%emt 0:01:20]} Qxh2 {[%emt 0:00:26]} 17. Ng3 {[%emt 0:00:32]} Qh3+ {[%emt 0:01:53]} 18. Kg1 {[%emt 0:00:12]} e5 {[%emt 0:06:14]} 19. Qh8 {[%emt 0:19:18]} Be6 {[%emt 0:16:41]} 20. Qxe5 {[%emt 0:08:26]} Neg6 {[%emt 0:11:59]} 21. Qc7 {[%emt 0:12:04]} a6 {[%emt 0:04:39]} 22. Re1 {[%emt 0:02:07]} Nh7 {[%emt 0:02:41]} 23. Bf5 {[%emt 0:02:34]} Nxg5 {[%emt 0:00:51]} 24. hxg5 {[%emt 0:00:28]} Qh8 {[%emt 0:00:49]} 25. Rxe6+ {[%emt 0:00:11]} Kf8 {[%emt 0:00:29]} 26. Bxg6 {[%emt 0:00:08]} fxg6 {[%emt 0:00:28]} 27. Qe7+ {[%emt 0:00:07]} 1-0

[Event "Montenegro Festival Mix-01 2021"]
[Site "Podgorica"]
[Date "2021.03.21"]
[Round "5.1"]
[White "Can, Isik"]
[Black "Sanal, Vahap"]
[Result "0-1"]
[WhiteElo "2380"]
[BlackElo "2571"]
[Annotator "TA"]
[PlyCount "96"]
[EventDate "2021.02.26"]
[EventType "swiss"]
[EventCountry "MNE"]
[SourceTitle "playchess.com"]
[Source "ChessBase"]
[SourceQuality "1"]

{[%evp 17,96,27,12,7,73,55,71,59,56,34,32,-56,-56,-54,-45,-81,-81,-179,-187,-191,-183,-194,-195,-191,-185,-189,-189,-189,-188,-195,-196,-194,-194,-191,-181,-216,-216,-214,-198,-219,-207,-209,-184,-258,-255,-266,-265,-271,-265,-262,-270,-265,-258,-283,-314,-287,-246,-246,-246,-246,-246,-300,-266,-266,-266,-266,-266,-266,-266,-351,-344,-350,-335,-362,-362,-374,-374,-367,-367,-366,-359]} 1. e4 e5 2. Nf3 Nf6 3. Nxe5 d6 4. Nf3 Nxe4 5. d4 d5 6. Bd3 Bd6 7. O-O O-O 8. c4 c6 9. Qc2 Na6 {[%cal Bb8a6,Ba6c7,Bc7e6][%mdl 32]} 10. a3 {[#] C42: Petroff Defence: 3 Nxe5 and unusual White 3rd moves.} Nf6 $146 (10... Bg4 $11 {keeps the balance.}) ({Predecessor:} 10... f5 11. Nc3 Nc7 12. c5 Be7 13. Ne2 Ne6 14. b4 Bf6 15. Bb2 Qc7 16. Ne1 Bd7 17. Rd1 Rae8 18. f3 h5 19. Qb1 h4 {0-1 (39) Maghsoodloo,P (2676)-Jobava,B (2603) Chess.com INT 2020}) 11. c5 Be7 12. Ne5 {Hoping for Bxa6.White is better.} Nc7 13. f4 Ne4 14. Bxe4 ({White should play} 14. Nc3 $14) 14... dxe4 $15 15. Qxe4 Re8 16. Qd3 Ne6 {Black converts the advantage convincingly.} 17. Rd1 {[#]} (17. Be3 $17 {might work better.}) 17... Qxd4+ $1 $19 {[%mdl 576] Remove Defender} 18. Qxd4 Nxd4 19. Rxd4 {Black must now prevent b4.} Bxc5 20. Be3 {aiming for Rd3.} Bxd4 21. Bxd4 {[#]} Rd8 $1 {[%cal Rd8d4]} 22. Nf3 {[#]} c5 $1 {[%mdl 1024] Black has strong compensation.} 23. Be3 Rd1+ 24. Kf2 {Ke2 would now be nice for White.} Bf5 25. Nfd2 c4 26. a4 Bd3 27. a5 Re8 28. h3 h6 29. Ra4 {White wants to play Nc3.} Bxb1 30. Ra1 (30. Ke2 $142 Rc1 31. Rxc4 Rxc4 32. Nxc4) 30... Bc2 31. Rxd1 Bxd1 32. Nxc4 {[%mdl 4096] Endgame KRB-KBN} Re4 33. Nd6 Rb4 34. Bxa7 Rxb2+ 35. Kg3 Ba4 36. Nc4 Ra2 37. Bb6 Bc6 38. Ne3 f5 39. Kh4 Bxg2 40. Nxf5 Be4 41. Ne3 Kf7 42. Kg4 Rf2 43. f5 Ra2 44. Kf4 Bh1 45. Kg3 Ra4 {Black is winning.} 46. h4 h5 47. Bd8 Bc6 48. Kh3 Rf4 {Weighted Error Value: White=0.19/Black=0.06} 0-1

[Event "Montenegro Festival Mix-01 2021"]
[Site "Podgorica"]
[Date "2021.03.21"]
[Round "5.2"]
[White "Suleymanli, Aydin"]
[Black "Tomic, Aleksandar"]
[Result "1/2-1/2"]
[WhiteElo "2512"]
[BlackElo "2360"]
[Annotator "TA"]
[PlyCount "299"]
[EventDate "2021.02.26"]
[EventType "swiss"]
[EventCountry "MNE"]
[SourceTitle "playchess.com"]
[Source "ChessBase"]
[SourceQuality "1"]

{[%evp 9,299,31,43,38,47,47,51,53,102,101,91,100,141,143,164,160,158,116,158,146,141,155,143,100,97,93,279,183,531,517,542,527,485,409,447,391,718,718,718,697,716,692,1056,1043,904,896,850,855,882,870,775,248,220,36,29,42,236,197,207,14,14,16,17,-65,-58,-163,-138,-229,-22,-154,-131,-158,-158,-158,-158,-158,-38,-47,0,0,0,0,0,0,0,0,0,0,0,0,45,45,141,141,141,141,160,160,160,160,157,0,160,0,161,12,12,12,161,12,141,141,141,0,0,0,139,12,63,63,63,63,63,63,63,63,63,0,20,0,63,63,63,63,65,63,63,63,79,63,63,63,79,79,79,79,100,100,100,100,100,100,100,0,100,100,100,85,85,0,0,0,0,0,0,0,0,0,0,0,0,0,0,0,0,0,266,266,266,266,266,275,261,239,239,239,239,239,431,431,431,431,723,431,431,431,723,723,709,709,709,694,687,680,632,0,610,602,595,385,385,385,385,0,385,385,385,385,385,385,385,385,385,385,385,385,385,333,333,333,333,333,333,333,333,333,333,333,333,333,333,333,333,333,333,333,333,333,333,333,333,0,333,333,333,333,333,0,333,333,333,333,333,333,333,333,333,333,333,0,333,333,333,0,333,0,333,333,333,0,333,333,333,333,333,333,333,0,333,333,333,231]} 1. d4 Nf6 2. c4 b6 3. f3 Nc6 4. Nc3 Bb7 {[#]} 5. Bg5 $146 ({Predecessor:} 5. d5 Ne5 6. e4 e6 7. f4 Ng6 8. e5 Ng8 9. Nf3 Bb4 10. Bd3 N8e7 11. Be4 O-O 12. O-O {1-0 (40) Suleymanli,A (2512)-Bortnyk,O (2598) Chess.com INT 2020}) 5... e5 6. d5 {[%cal Rd5c6] A50: Queen's Fianchetto Defence (1 d4 Nf6 2 c4 b6).} Nd4 7. e3 Nf5 8. Qc2 {White is slightly better.} g6 9. g4 Nd6 10. O-O-O h5 11. f4 e4 12. gxh5 Rxh5 13. h4 Be7 14. Be2 Rh8 15. Nh3 Nf5 16. Nxe4 Nxe4 (16... Nxe3 $2 17. Qc3 $18) 17. Qxe4 Kf8 $2 (17... Ng3 $16 {is a better defense.} 18. Qe5 Rh7) 18. Qd3 Kg7 $2 (18... Ng3 {is a better chance.}) 19. e4 $18 Nxh4 20. Qc3+ Bf6 21. e5 Be7 22. Rdg1 c6 $2 (22... b5 23. Bxe7 Qxe7) 23. d6 Bxg5 24. Nxg5 c5 25. Rh2 f6 26. e6 (26. exf6+ Qxf6 27. Qxf6+ Kxf6 $16) 26... Nf5 {[#]} 27. Nf7 $1 {[%mdl 576] Double Attack} Rxh2 28. Nxd8 Rxd8 {[#]} 29. e7 $1 Rdh8 (29... Rb8 30. Qd3) 30. Bd3 $2 (30. Bf3 Bxf3 31. Qxf3) 30... Rh1 31. Qe1 (31. Rxh1 $1 $18 Rxh1+ 32. Kc2 Nxd6 33. Bxg6 $1 {[%mdl 576] Decoy} Kxg6 34. Qd3+ {[%mdl 64] Double Attack} Kf7 35. Qxd6) 31... Nxd6 $14 {aiming for ...Rxg1.} 32. Kc2 ({But not} 32. Bxg6 Rxg1 33. Qxg1 Rh1 $17) ({Don't blunder} 32. Rxg6+ $2 Kf7 $19) 32... R8h2+ $2 (32... Rxg1 $14 33. Qxg1 Ne4) 33. Kb3 Rxg1 {[#]} 34. Qxg1 (34. e8=N+ $1 $18 Kf8 35. Qxg1 {[%mdl 64] Double Attack}) 34... Rg2 $11 35. Qe3 Kf7 36. f5 (36. a4 $11) 36... g5 $1 $15 37. Be2 (37. e8=B+ $15 Nxe8 38. Qh3) 37... Rh2 38. a4 (38. Qg3 $17 Rxe2 39. Qxd6) 38... Bc6 $2 (38... Rh4 $19 {White must now prevent ...Ke8.} 39. Bd3 Ne4) 39. Bf3 (39. Qg3 $1 $11 Rxe2 40. Qxd6) 39... Bxf3 $17 40. Qxf3 Kxe7 {[%mdl 4096] Endgame KQ-KRN} 41. a5 Rh4 ({Not} 41... bxa5 42. Qe3+ Kf7 43. Qd3 $11) 42. a6 Re4 (42... Nxc4 $17 43. Qa8 Na5+ 44. Kc2 Nc6) 43. Qh1 $1 $15 g4 44. Qh8 Re3+ 45. Ka2 g3 46. Qg7+ Nf7 47. Qg8 Rf3 48. Qg6 Rd3 49. Qg7 d5 (49... Rf3 {feels hotter.} 50. Qg6) 50. cxd5 c4 (50... Rxd5 $14 51. Qxg3 Rd8) 51. d6+ $16 Rxd6 52. Qxg3 Ne5 53. Qg7+ {[%mdl 1024] White has strong compensation.} Nf7 54. Qg2 Ne5 55. Qg7+ Nf7 56. Qg2 Ne5 $1 {intending ...Kf7.} 57. Qb7+ (57. Qg8 $18) 57... Rd7 $11 58. Qc8 Rd6 (58... Kf7 $11) 59. Kb1 ({White should try} 59. Qg8 $18) 59... Rd1+ (59... Kf7 $1 $11 {keeps the balance.}) 60. Kc2 $16 Rd7 61. Kb1 (61. Qg8 $16 {Threatens to win with Qe6+.} Nf7 62. Kc3) 61... Rd1+ $11 62. Ka2 Rd7 (62... Rd6 $1 $11 {remains equal.}) 63. Qa8 ({White must play} 63. Qg8 $16 {Strongly threatening Qe6+.} Nf7 64. Kb1) 63... Nd3 ({Black should play} 63... Kf7 $11) 64. Qg8 $14 {Qe6+ is the strong threat.} Nb4+ 65. Ka3 Nd5 66. Qe6+ Kd8 67. Qc6 Ke7 $1 68. Qe6+ Kd8 69. Qc6 Ke7 $1 70. Qxc4 Kd6 $1 71. Qe2 Re7 72. Qh2+ Kc6 73. Qb8 Re3+ 74. b3 Re7 75. Kb2 Re2+ 76. Kc1 Re7 77. Kd2 Rd7 78. Ke1 Rc7 79. Kf2 Re7 80. Qa8+ Kd6 81. Qb8+ Kc6 82. Qc8+ Kd6 83. b4 Ke5 84. Qb8+ (84. Kf3 $16) 84... Kxf5 $11 85. Qd6 Ke4 86. Qc6 f5 87. Qd6 f4 88. Qc6 Rc7 89. Qe8+ Kd4 90. Qh8+ Kc4 91. Qg8 Re7 92. Qc8+ Kxb4 $2 {[%mdl 8192] White now steadily converts the win.} (92... Rc7 $11 {and Black has nothing to worry.} 93. Qf5 Re7) 93. Qc6 $18 Ka5 94. Qxd5+ Kxa6 {KQ-KR} 95. Qd6 Re3 96. Qxf4 Rc3 97. Qf7 Rc5 98. Qd7 Ka5 $2 (98... Rc2+ 99. Kf3 b5) 99. Qxa7+ Kb5 100. Qd7+ Ka5 (100... Ka6 $142 101. Ke3 Rc4) 101. Ke3 Ka6 102. Kd4 Ka5 (102... Rc1 $142 103. Qa4+ Kb7) 103. Qa7+ Kb5 104. Qa8 Kb4 105. Qa6 Rc6 106. Kd5 Rc5+ 107. Kd4 Rc6 108. Ke5 Rc5+ 109. Ke4 Rc4+ 110. Kd3 Rc3+ 111. Kd4 Rc6 112. Qb7 Rc4+ 113. Kd3 b5 114. Qe7+ Ka4 115. Qe1 Kb3 116. Qa1 Kb4 117. Qa7 Kb3 118. Qa5 Rc5 119. Kd4 Rc4+ 120. Ke3 Rc3+ 121. Kd2 b4 122. Kd1 Kc4 123. Qa2+ Kb5 124. Kd2 Rc5 125. Kd3 Rc6 126. Qe2 Rc3+ 127. Kd4+ Ka4 128. Qa2+ Kb5 129. Ke4 Rc4+ 130. Kd3 Rc6 $1 131. Qf7 Rc3+ 132. Kd4 Ka4 133. Qa2+ Kb5 134. Qe6 Ka5 135. Qd7 Rc1 136. Qd5+ Ka4 137. Qa2+ Kb5 138. Qe2+ Ka4 139. Qa2+ Kb5 140. Qd2 Rc3 141. Qa2 Rc1 $1 142. Qe2+ Ka4 143. Qd2 Rc3 144. Qa2+ Kb5 145. Qa7 Rc4+ 146. Kd5 {Qb7+ would kill now.} Rc3 147. Qd7+ Ka5 148. Kd4 Rc1 $1 {[%cal Rc1d1]} 149. Qd8+ Ka4 {( -> ...Rd1+)} 150. Ke4 {Weighted Error Value: White=0.47/Black=0.44} 1/2-1/2

[Event "Montenegro Festival Mix-01 2021"]
[Site "Podgorica"]
[Date "2021.03.21"]
[Round "5.3"]
[White "Thybo, Jesper Sondergaard"]
[Black "Injac, Teodora"]
[Result "1-0"]
[WhiteElo "2572"]
[BlackElo "2319"]
[Annotator "TA"]
[PlyCount "107"]
[EventDate "2021.02.26"]
[EventType "swiss"]
[EventCountry "MNE"]
[SourceTitle "playchess.com"]
[Source "ChessBase"]
[SourceQuality "1"]

{[%evp 9,107,-3,-7,0,35,6,6,8,8,8,10,0,11,0,0,0,25,27,21,8,3,7,16,21,20,9,28,4,49,35,41,30,47,65,72,38,53,35,51,44,63,53,65,43,47,42,100,100,196,202,285,283,352,373,316,225,214,248,247,238,330,316,306,133,195,124,141,54,559,54,35,0,165,156,326,319,306,283,428,435,656,406,1533,573,549,520,538,524,985,966,1396,1273,1287,1121,2804,2528,2613,3101,2550,2244]} 1. Nf3 d5 2. g3 Nc6 3. d4 Bf5 4. c4 e6 5. Bg2 Nb4 {White must now prevent ...Nc2+.} 6. Na3 {[#] D02: 1 d4 d5 2 Nf3 sidelines, including 2...Nf6 3 g3 and 2...Nf6 3 Bf4.} Nc6 $146 ({Predecessor:} 6... h6 7. O-O c6 8. Qb3 Nf6 9. Bd2 a5 10. Ne5 Nd7 11. Nxd7 Qxd7 12. c5 b6 13. Bxb4 axb4 14. Qxb4 bxc5 15. dxc5 {0-1 (47) Andriasian,Z (2585)-Martirosyan,H (2567) Yerevan 2018}) 7. Qa4 Bb4+ 8. Bd2 {The position is equal.} Bxd2+ 9. Nxd2 Nf6 10. O-O O-O 11. e3 h5 12. Nf3 Be4 13. Rfc1 Ne7 14. Nb5 c6 15. Nc3 Bf5 16. Qd1 Bg4 17. Qf1 Ng6 18. Nd2 e5 19. cxd5 cxd5 20. Qb5 e4 21. Qxb7 h4 22. Nb3 a5 23. Qb5 hxg3 24. fxg3 a4 25. Nc5 (25. Nxa4 $2 Bd7 $17) 25... Rb8 26. Qxa4 {And now Qc2 would win.} Rxb2 27. Rc2 Rxc2 (27... Qb6 $14) 28. Qxc2 $16 Nh7 (28... Ne7 $16) 29. a4 $1 $18 {[%cal Ba2a4,Ba4a5,Ba5a6,Ba6a7][%mdl 32]} Ng5 (29... Qg5 $142) 30. a5 Nf3+ 31. Bxf3 Bxf3 32. a6 Qg5 33. Qf2 Ra8 34. a7 Ne7 35. Nb5 $1 Nc8 36. Ra6 (36. Na6 $18 {is the precise move to win.}) 36... Qe7 (36... Qh5 $16) 37. Qa2 (37. h4 $18) 37... Qg5 $16 38. Kf2 (38. Qd2 $1 $16) 38... Ne7 $2 {[%mdl 8192]} ({Better is} 38... Bg4 $14) 39. Ra3 $2 ({White has to play} 39. Nc7 $18 Nf5 40. Nxd5 (40. Nxa8 {leads to mate.} Qxe3+ {[%mdl 64] Double Attack} 41. Kf1 Bg4 42. Ra3 Bh3+ 43. Qg2 Qc1+ 44. Ke2 Nxd4+ 45. Kf2 Qd2+ 46. Kf1 Qxg2+ 47. Ke1 Qe2#)) 39... Qh6 $1 $14 {[%cal Rh6h2]} 40. Ke1 {Hoping for Qf2.} Qb6 $2 (40... Nf5 $1 $11 {and Black stays safe.} 41. Qd2 (41. Qxd5 Rxa7 42. Nxa7 Qxh2 $11) 41... Qb6) 41. Qb2 $18 {Threatens to win with Ra6.} Nf5 $2 (41... Qh6 $16) 42. Ra6 Qd8 43. Qb3 Qg5 {[#]} (43... Bg4 {was called for.} 44. Ra2 Kh7) 44. Kd2 $1 Bh5 (44... Qd8 $142 45. Ra4 Bg4) 45. Nc7 {[%mdl 64] Double Attack} Qg4 (45... Nxd4 $142 46. Qc3 Nf5) 46. Nxd5 (46. Nxa8 $142 Qe2+ 47. Kc1 Qe1+ 48. Kb2 Qd2+ 49. Ka3) 46... Qe2+ {[#]} 47. Kc1 $1 Qe1+ 48. Kb2 Bd1 49. Qb8+ {[%mdl 64] Double Attack} Kh7 50. Qxa8 Qd2+ 51. Ka3 Qc1+ 52. Kb4 Be2 53. Nc3 Qb2+ 54. Nb3 {Weighted Error Value: White=0.42/Black=0.52} 1-0

[Event "Montenegro Festival Mix-01 2021"]
[Site "Podgorica"]
[Date "2021.03.21"]
[Round "5.4"]
[White "Kisic, Bozidar"]
[Black "Delchev, Aleksander"]
[Result "0-1"]
[WhiteElo "2233"]
[BlackElo "2526"]
[Annotator "TA"]
[PlyCount "56"]
[EventDate "2021.02.26"]
[EventType "swiss"]
[EventCountry "MNE"]
[SourceTitle "playchess.com"]
[Source "ChessBase"]
[SourceQuality "1"]

{[%evp 16,56,5,-17,21,19,21,21,19,13,14,8,19,12,26,0,18,14,31,0,0,-35,-26,-95,-75,-156,-161,-152,-105,-231,-235,-216,-232,-303,-307,-292,-290,-381,-381,-455,-448,-1118,-636]} 1. d4 Nf6 2. c4 e6 3. Nc3 Bb4 4. a3 Bxc3+ 5. bxc3 O-O 6. f3 d5 7. e3 c5 8. cxd5 Nxd5 9. Bd2 cxd4 {E24: Nimzo-Indian: Sämisch: Unusual Black 5th moves and 5...c5 sidelines.} 10. cxd4 Nc6 11. f4 b6 {The position is equal.} 12. Nf3 {[#]} f5 $146 ({Predecessor:} 12... Bb7 13. Bd3 h6 14. O-O Rc8 15. Qe2 Nf6 16. f5 exf5 17. Bxf5 Rc7 18. Rac1 Re8 {0-1 (40) Kornyukov,A (2452)-Fronda Pascua,J (2152) chess.com INT 2020}) 13. Bd3 h6 14. O-O Bb7 15. Qe2 Nf6 16. Rfc1 Rc8 17. Rab1 Rf7 18. Be1 Rfc7 {[#] ...Nxd4 is the strong threat.} 19. Rd1 (19. Qb2 $11 {remains equal.}) 19... Ne7 $17 20. Bh4 (20. Ra1 $142) 20... Ned5 21. Be1 Bc6 22. Ba6 {[#] Loses the game.} (22. Rbc1 $17 {is a better defense.}) 22... Ba4 $1 $19 23. Bxc8 Qxc8 24. Bd2 Bxd1 25. Qxd1 Ne4 {aiming for ...Ndc3.} 26. Qe1 Rc2 27. Rd1 Qc4 28. Qh4 (28. h3 $142) 28... Nxd2 {Weighted Error Value: White=0.55/Black=0.06} 0-1

[Event "Montenegro Festival Mix-01 2021"]
[Site "Podgorica"]
[Date "2021.03.21"]
[Round "5.5"]
[White "Blagojevic, Dragisa"]
[Black "Djukic, Nikola"]
[Result "1/2-1/2"]
[WhiteElo "2489"]
[BlackElo "2521"]
[Annotator "TA"]
[PlyCount "51"]
[EventDate "2021.02.26"]
[EventType "swiss"]
[EventCountry "MNE"]
[SourceTitle "playchess.com"]
[Source "ChessBase"]
[SourceQuality "1"]

{[%evp 13,17,31,62,19,36,23]} 1. d4 Nf6 2. c4 g6 3. Nf3 Bg7 4. g3 O-O 5. Bg2 d6 6. O-O Nc6 7. Nc3 e5 8. dxe5 {E67: King's Indian: Fianchetto: 6...Nbd7.} (8. d5 $5 {[%cal Rd5c6]} Ne7 9. e4 $14) 8... Nxe5 9. Nxe5 {[#] Not enough moves} {Predecessor:} dxe5 $146 10. Qc2 c6 11. Rd1 Qe7 12. Be3 Be6 13. b3 Nd7 14. Ne4 f5 15. Ng5 e4 16. Nxe6 Qxe6 17. Bd4 Rfd8 18. Bxg7 Kxg7 19. Rd4 Nf6 20. Rad1 Qe7 21. Qc3 Rxd4 22. Qxd4 Kf7 23. f3 exf3 24. Bxf3 Ke8 25. Rd3 a6 26. Re3 {1-0 (26) Naroditsky,D (2621)-Xiong,J (2709) Chess.com INT 2020} 1/2-1/2